<?xml version="1.0" encoding="UTF-8"?><?xml-stylesheet type="text/xsl" href="static/style.xsl"?><OAI-PMH xmlns="http://www.openarchives.org/OAI/2.0/" xmlns:xsi="http://www.w3.org/2001/XMLSchema-instance" xsi:schemaLocation="http://www.openarchives.org/OAI/2.0/ http://www.openarchives.org/OAI/2.0/OAI-PMH.xsd"><responseDate>2026-04-27T02:22:16Z</responseDate><request verb="GetRecord" identifier="oai:repisalud.isciii.es:20.500.12105/16589" metadataPrefix="marc">https://repisalud.isciii.es/rest/oai/request</request><GetRecord><record><header><identifier>oai:repisalud.isciii.es:20.500.12105/16589</identifier><datestamp>2024-11-28T14:37:28Z</datestamp><setSpec>com_20.500.12105_15939</setSpec><setSpec>com_20.500.12105_5568</setSpec><setSpec>com_20.500.12105_2404</setSpec><setSpec>com_20.500.12105_2403</setSpec><setSpec>com_20.500.12105_2052</setSpec><setSpec>com_20.500.12105_2051</setSpec><setSpec>col_20.500.12105_16581</setSpec><setSpec>col_20.500.12105_19608</setSpec><setSpec>col_20.500.12105_19609</setSpec></header><metadata><record xmlns="http://www.loc.gov/MARC21/slim" xmlns:dcterms="http://purl.org/dc/terms/" xmlns:doc="http://www.lyncode.com/xoai" xmlns:xsi="http://www.w3.org/2001/XMLSchema-instance" xsi:schemaLocation="http://www.loc.gov/MARC21/slim http://www.loc.gov/standards/marcxml/schema/MARC21slim.xsd">
   <leader>00925njm 22002777a 4500</leader>
   <datafield ind2=" " ind1=" " tag="042">
      <subfield code="a">dc</subfield>
   </datafield>
   <datafield ind2=" " ind1=" " tag="720">
      <subfield code="a">Horcas de Frutos, Almudena</subfield>
      <subfield code="e">author</subfield>
   </datafield>
   <datafield ind2=" " ind1=" " tag="720">
      <subfield code="a">Lopez-Perea, Noemi</subfield>
      <subfield code="e">author</subfield>
   </datafield>
   <datafield ind2=" " ind1=" " tag="720">
      <subfield code="a">Fernandez-Garcia, Aurora</subfield>
      <subfield code="e">author</subfield>
   </datafield>
   <datafield ind2=" " ind1=" " tag="720">
      <subfield code="a">Gavilán, Ana M</subfield>
      <subfield code="e">author</subfield>
   </datafield>
   <datafield ind2=" " ind1=" " tag="720">
      <subfield code="a">Echevarria, Juan Emilio</subfield>
      <subfield code="e">author</subfield>
   </datafield>
   <datafield ind2=" " ind1=" " tag="720">
      <subfield code="a">Olivares-Quintanar, David</subfield>
      <subfield code="e">author</subfield>
   </datafield>
   <datafield ind2=" " ind1=" " tag="720">
      <subfield code="a">Masa-Calles, Josefa</subfield>
      <subfield code="e">author</subfield>
   </datafield>
   <datafield ind2=" " ind1=" " tag="260">
      <subfield code="c">2023</subfield>
   </datafield>
   <datafield ind2=" " ind1=" " tag="520">
      <subfield code="a">[ES]Introducción: La parotiditis es una enfermedad frecuente, que sigue causando brotes incluso en poblaciones bien vacunadas. El objetivo de este estudio ha sido describir el patrón epidemiológico de la enfermedad y la calidad de la vigilancia de la parotiditis en España. Método:  Fuentes:  casos  notificados  a  Red  Nacional  de  Vigilancia  Epidemiológica  (RENAVE)  entre  2005-2022 y resultados del programa de vigilancia microbiológica de parotiditis (PVMP) del Centro Nacional de Microbiología (CNM) entre 2016-2021. Se analizaron los casos por año, comunidad autónoma, sexo, edad, tipo de caso, vacunación e investigación de laboratorio. Se calcularon tasas anuales y de periodo. Del PVMP se analizaron muestras y determinaciones realizadas. Se analizó la cumplimentación de variables y la integración de la información de laboratorio en los casos notificados. Resultados: Se describen tres ondas epidémicas: 2005-2009, 2010-2014 y 2015-2020. La incidencia fue mínima en 2021 recuperándose ligeramente en 2022. La parotiditis afectó fundamentalmente a adolescentes y adultos jóvenes. El 32% de todos los casos estaban vacunados con dos dosis. Solo El 48% de los casos sospechosos investigados se confirmaron La saliva presentó la mayor tasa de positividad de PCR. La  cumplimentación  es  adecuada  para  variables  sociodemográficas,  baja  para  la  vacunación  y  muy  baja para la gravedad. La información de laboratorio obtenida en el CNM en general no se notifica a RENAVE. Conclusiones: la parotiditis es una enfermedad frecuente que se debe monitorizar. Toda la información  generada  en  actividades  de  vigilancia  debe  integrarse  en  un  mismo  sistema  que  sirva  para  la  acción en salud pública. [EN]  Introduction: mumps is a common disease, which continues to cause outbreaks even in well-vaccinat-ed vaccinated populations. The objective is to describe the surveillance of mumps in Spain. We present the analysis of cases reported to RENAVE (National epidemiological surveillance network) between 2005 and 2022 and the results of the mumps microbiological surveillance programme (PVMP) of the CNM (National Center of Microbiology) between 2016 and 2021. The completion of the variables and the integration of laboratory information in the reported cases are analysed.Method: Sources: cases reported to RENAVE and cases and samples from the CNM’s PVMP. Cases are analysed by year, autonomous community, sex and age, type of case, vaccination and laboratory data. Annual and period rates are calculated. Samples and determinations are analysed for PVMP.Results: Three epidemic waves are described: 2005-2009, 2010-2014 and 2015-2020. Incidence was minimal in 2021, recovering slightly in 2022. Mumps mainly affects adolescents and young adults. 32% of cases are vaccinated with two doses. Only 48% of investigated cases are confirmed. Saliva has the best PCR positivity rate. Completion is adequate for sociodemographic variables, low for vaccination and very low for severity. Information on laboratory studies performed in CNM is generally, not re-ported to RENAVE.Conclusions: Mumps is a common disease that should be monitored. All information generated in surveillance activities should be integrated into a single system devoted for public health action.</subfield>
   </datafield>
   <datafield ind1="8" ind2=" " tag="024">
      <subfield code="a">Boletín Epidemiológico Semanal. 2023; Vol.31 (3):139-165</subfield>
   </datafield>
   <datafield ind1="8" ind2=" " tag="024">
      <subfield code="a">2173-9277</subfield>
   </datafield>
   <datafield ind1="8" ind2=" " tag="024">
      <subfield code="a">http://hdl.handle.net/20.500.12105/16589</subfield>
   </datafield>
   <datafield ind1="8" ind2=" " tag="024">
      <subfield code="a">10.4321/s2173-92772023000300001</subfield>
   </datafield>
   <datafield ind1="8" ind2=" " tag="024">
      <subfield code="a">10.4321/s2173-92772023000300001</subfield>
   </datafield>
   <datafield ind1="8" ind2=" " tag="024">
      <subfield code="a">2173-9277</subfield>
   </datafield>
   <datafield ind1="8" ind2=" " tag="024">
      <subfield code="a">Boletín Epidemiológico Semanal</subfield>
   </datafield>
   <datafield tag="653" ind2=" " ind1=" ">
      <subfield code="a">Parotiditis</subfield>
   </datafield>
   <datafield tag="653" ind2=" " ind1=" ">
      <subfield code="a">Vigilancia</subfield>
   </datafield>
   <datafield tag="653" ind2=" " ind1=" ">
      <subfield code="a">Epidemiología</subfield>
   </datafield>
   <datafield tag="653" ind2=" " ind1=" ">
      <subfield code="a">Vacunas</subfield>
   </datafield>
   <datafield tag="653" ind2=" " ind1=" ">
      <subfield code="a">Diagnóstico de laboratorio</subfield>
   </datafield>
   <datafield tag="653" ind2=" " ind1=" ">
      <subfield code="a">Epidemiología molecular</subfield>
   </datafield>
   <datafield tag="653" ind2=" " ind1=" ">
      <subfield code="a">RT-PCR</subfield>
   </datafield>
   <datafield tag="653" ind2=" " ind1=" ">
      <subfield code="a">España</subfield>
   </datafield>
   <datafield ind2="0" ind1="0" tag="245">
      <subfield code="a">Vigilancia epidemiológica y virológica de la parotiditis en España, 2005-2022</subfield>
   </datafield>
</record></metadata></record></GetRecord></OAI-PMH>